Stav bytového fondu a možnosti financovania jeho obnovy

Pokračovanie z č. 7-8/2004. Hypotekárne úverovanie. Doplnkové nástroje štátu pre obnovu bytového fondu.

Na minha lista:
Detalhes bibliográficos
Autor principal: Giller, Pavol
Formato: Capítulo de Livro
Idioma:eslovaco
Assuntos:
Tags: Adicionar Tag
Sem tags, seja o primeiro a adicionar uma tag!

MARC

LEADER 00000naa$a2200000$$$4500
001 0024529
005 20230927110946.3
041 0 |a slo 
044 |a SK 
245 1 0 |a Stav bytového fondu a možnosti financovania jeho obnovy  |c Pavol Giller 
520 |a Pokračovanie z č. 7-8/2004. Hypotekárne úverovanie. Doplnkové nástroje štátu pre obnovu bytového fondu. 
610 2 0 |a fond bytový 
610 2 0 |a opravy 
610 2 0 |a modernizácia 
610 2 0 |a pomoc štátna 
610 2 0 |a úver hypotekárny 
610 2 0 |a programy 
610 2 0 |a dotácie štátne 
610 2 0 |a rekonštrukcia 
610 2 0 |a financovanie 
100 1 |a Giller, Pavol